Industrial conflict in Malaya : Prelude to the communist revolt of 1948

Bibliographic Details
Main Author: STENSON
Format: Book
Published: London, Kuala Lumpur : Oxford University Press , 1970
Series:East Asian historical monographs
Subjects:

MARC

LEADER 00000cam a2200000 7i4500
001 0000000765
005 20001002.0
090 0 0 |a 331.09595   |b STE 1970 
100 1 0 |a STENSON   |h M. R. 
245 1 0 |a Industrial conflict in Malaya :   |b Prelude to the communist revolt of 1948 
260 0 0 |a London, Kuala Lumpur :   |b Oxford University Press ,   |c 1970 
300 |a x, 271 p. ;   |c 22 cm. 
440 0 0 |a East Asian historical monographs 
650 0 0 |a Labor policy   |z Malaya 
650 0 0 |a Labor unions   |z Malaya   |x History 
999 |a 0000000178   |b Monograph   |c Open Shelf   |e Default branch